00358nam a2200109Ia 4500008004000000020001800040082001600058100004700074245008000121260003900201300000800240210210b1978 xxu||||| |||| 00| 0 eng d a0 04 371039 5 a370.11 NICC aNICHOLLS (S Howard) and NICHOLLS (Audrey). aCreative teaching an approach to the achievement of educational objectives. aLondonbGeorge allen & unwinc1978 a128